| 000 | 01211nam0a2200325 i 4500 | ||
|---|---|---|---|
| 001 | RU\NLR\BIBL_A\012476297 | ||
| 005 | 20240921195721.0 | ||
| 010 |
_a9785389186927 _95000 |
||
| 021 |
_aRU _b2020-71625 _9КН-П-5388 |
||
| 035 | _a(RuMoRGB)010477405 | ||
| 035 | _a(NLR Aleph) 012476297 | ||
| 090 |
_a12105931 _c12105931 |
||
| 100 | _a20210316d2020 um y0rusy50 ca | ||
| 101 | 1 |
_arus _ceng |
|
| 102 | _aRU | ||
| 105 | _ay|||z|||000ay | ||
| 181 | 0 |
_ai _baxxe |
|
| 182 | 0 | _an | |
| 200 | 1 |
_aПоворот к лучшему _e[роман] _fКейт Аткинсон _g[перевод с английского Марии Нуянзиной под редакцией Елены Микериной] |
|
| 203 |
_aТекст _bвизуальный _cнепосредственный |
||
| 210 |
_aСанкт-Петербург _cАзбука _cАзбука-Аттикус _d2020 |
||
| 215 |
_a427, [4] с. _d18 |
||
| 225 | 1 | _aЗвезды мирового детектива | |
| 333 | _a16+ | ||
| 686 | 1 | _aШ6(4Вл)67-446{Лх1299-60} | |
| 700 | 1 |
_7ca _8rus _aАткинсон _bК. _f1951- _gКейт _9212033 _3RU\NLR\AUTH\770212089 |
|
| 942 | _cBOOK | ||
| 980 | _aNBR | ||